=LDR 00000nam 2200000 4500 =001 NUTBA000000000001386 =005 20240830041111 =035 ##$$a 0010-041400000000656 =008 240830###########################0#ind## =082 ##$$a 028.5 =090 ##$$a 028.5 $b nur m =100 ##$$a Nuraisah Hasibuan =245 1#$$a Menebak nama buah /$c Nuraisah Hasibuan =260 ##$$a Jakarta :$b Bumi Aksara,$c 2010 =300 ##$$a 32 hlm. : $b illus ; $c 26 x 20 cm =850 ##$$a NBPBMAT =020 ##$$a 978-979-010-690-1 =084 ##$$a 028.5 NUR m =250 ##$$a Cet. 1 =990 ##$$a 21194995/BPAP-NTB/2014 =990 ##$$a 0001/BPAP-NTB/2015 =990 ##$$a 21304415 =990 ##$$a 0001/BPAP-NTB/2016 =990 ##$$a 0001/BPAP-NTB/2016 =990 ##$$a 21194995/BPAP-NTB/2014 =990 ##$$a 0001/BPAP-NTB/2015 =990 ##$$a 21304415